01202 2200229 4500001002100000005001500021035002000036090000900056020001800065100001300083650002500096245010500121264001200226008004100238082001100279084002000290250001400310260003500324300004400359700003100403520053800434INLIS00000000001368520210824102352 a0010-0619013685 05.13 a979-8418-83-20 aHaryanto 4aPemrograman Komputer1 aPemrograman visual c++ konsep dasar, algoritma, dan aplikasi /cHaryanto; penyunting, Teguh Setyawan NY PRESS210824 e 0 ind  a005.13 aSR 005.13 HAR p aCetakan 1 aYogyakarta :bUNY press,c2012 avii + 104 halaman :bilustrasi ;c23 cm0 aTeguh Setyawanepenyunting aProgram-program pada buku ini diatur mulai dari pemrograman dengan teknik biasa dan tamplian di layar console (DOS) hingga teknik pemrograman visual dan tampilan di layar windows. Pengembangan prograrn visuat C++ menggunakan urut-urutan perintah yang ditulis dengan serangkaian karakter yang disusun sedemikian rupa sehingga dimengerti oleh komputer. Karakter merupakan elemen terkecil dari program C++ yang meliputi: huruf (a sampai z, A sampai Z), angka (0 sampai 9), simbol (misal * ! #), dan kode kontrol (formfeed dan new line).